Grey's Anatomy Characters By Actor - Statistics

General Stats
  • This quiz has been taken 702 times
  • The average score is 18 of 20
Answer Stats
Actor Character % Correct
Ellen Pompeo Meredith Grey
99%
Justin Chambers Alex Karev
96%
Sandra Oh Cristina Yang
96%
Chandra Wilson Miranda Bailey
95%
Sara Ramirez Callie Torres
93%
Katherine Heigl Izzie Stevens
92%
Jesse Williams Jackson Avery
92%
Chyler Leigh Lexie Grey
92%
Kevin McKidd Owen Hunt
92%
Sarah Drew April Kepner
91%
Jessica Capshaw Arizona Robbins
91%
Patrick Dempsey Derek Shepherd
91%
T.R Knight George O'Malley
91%
Eric Dane Mark Sloan
91%
Kate Walsh Addison Montgomery
90%
Camilla Luddington Jo Wilson
90%
James Pickens Jr. Richard Webber
90%
Caterina Scorsone Amelia Shepherd
85%
Kelly McCreary Maggie Pierce
68%
Kate Burton Ellis Grey
67%
No matching quizzes found
Score Distribution
Percent of People with Each Score
Percentile by Number Answered
Your Score History
You have not taken this quiz